<?xml version="1.0" encoding="UTF-8"?>
<record
    xmlns:xsi="http://www.w3.org/2001/XMLSchema-instance"
    xsi:schemaLocation="http://www.loc.gov/MARC21/slim http://www.loc.gov/standards/marcxml/schema/MARC21slim.xsd"
    xmlns="http://www.loc.gov/MARC21/slim">

  <leader>00726nam a22001937a 4500</leader>
  <datafield tag="999" ind1=" " ind2=" ">
    <subfield code="c">179510</subfield>
    <subfield code="d">179510</subfield>
  </datafield>
  <controlfield tag="005">20210630115423.0</controlfield>
  <datafield tag="010" ind1=" " ind2=" ">
    <subfield code="a">UR-11146</subfield>
  </datafield>
  <datafield tag="020" ind1=" " ind2=" ">
    <subfield code="c">35.00</subfield>
    <subfield code="a">-</subfield>
  </datafield>
  <datafield tag="035" ind1=" " ind2=" ">
    <subfield code="a">U-9701</subfield>
  </datafield>
  <datafield tag="037" ind1=" " ind2=" ">
    <subfield code="b">DBAD/PUB</subfield>
  </datafield>
  <datafield tag="082" ind1=" " ind2=" ">
    <subfield code="a">440</subfield>
  </datafield>
  <datafield tag="100" ind1=" " ind2=" ">
    <subfield code="a">&#x686;&#x64A;&#x641; &#x627; &#x64A;&#x688; &#x64A;&#x679;&#x631; &#x627; &#x648; &#x631; &#x688; &#x627;&#x64A;&#x631; &#x6CC;&#x6A9;&#x679;&#x631; &#x627; &#x648; &#x631; &#x67E;&#x631; &#x646;&#x633;&#x67E;&#x644; </subfield>
  </datafield>
  <datafield tag="245" ind1=" " ind2=" ">
    <subfield code="a">&#x62C;&#x645;&#x646;&#x627; &#x62A;&#x679; </subfield>
    <subfield code="c">&#x686;&#x64A;&#x641; &#x627; &#x64A;&#x688; &#x64A;&#x679;&#x631; &#x627; &#x648; &#x631; &#x688; &#x627;&#x64A;&#x631; &#x6CC;&#x6A9;&#x679;&#x631; &#x627; &#x648; &#x631; &#x67E;&#x631; &#x646;&#x633;&#x67E;&#x644; </subfield>
  </datafield>
  <datafield tag="246" ind1=" " ind2=" ">
    <subfield code="a">Jamna Tat (Urdu)</subfield>
    <subfield code="b">by Arundharti Roy / Translated by Arjumand Ara</subfield>
  </datafield>
  <datafield tag="260" ind1=" " ind2=" ">
    <subfield code="a">Haryana</subfield>
    <subfield code="c">2019 &#x621;</subfield>
    <subfield code="b">Haryana Urdu Acedemy</subfield>
  </datafield>
  <datafield tag="270" ind1=" " ind2=" ">
    <subfield code="a">Haryana Urdu Acedemy bhawan,I.P.16,Secter 14,Panchkula</subfield>
    <subfield code="b">Haryana </subfield>
    <subfield code="e">134113</subfield>
    <subfield code="l">-</subfield>
  </datafield>
  <datafield tag="300" ind1=" " ind2=" ">
    <subfield code="a">88+28 &#x635; </subfield>
    <subfield code="c">22 Cm(Hb)</subfield>
  </datafield>
  <datafield tag="942" ind1=" " ind2=" ">
    <subfield code="2">ddc</subfield>
    <subfield code="c">UR</subfield>
    <subfield code="h">440</subfield>
    <subfield code="m">&#x62C; &#x645; &#x646; </subfield>
  </datafield>
  <datafield tag="952" ind1=" " ind2=" ">
    <subfield code="0">0</subfield>
    <subfield code="1">0</subfield>
    <subfield code="4">0</subfield>
    <subfield code="7">0</subfield>
    <subfield code="8">NFIC</subfield>
    <subfield code="a">DBAD</subfield>
    <subfield code="b">DBAD</subfield>
    <subfield code="d">2021-06-16</subfield>
    <subfield code="e">DBAD/PUB</subfield>
    <subfield code="g">35.00</subfield>
    <subfield code="l">0</subfield>
    <subfield code="o">440 &#x62C; &#x645; &#x646;</subfield>
    <subfield code="p">U-9701</subfield>
    <subfield code="r">2021-06-16 00:00:00</subfield>
    <subfield code="t">1</subfield>
    <subfield code="v">35.00</subfield>
    <subfield code="w">2021-06-16</subfield>
    <subfield code="y">UR</subfield>
  </datafield>
</record>
